000 00803nam a2200241 i 4500
001 114401
003 ES-MaACL
005 20250825062721.0
007 t|
008 070226s1947 fr a |||| |bfre d
080 _a929 Bernhardt, Sarah
100 1 _aBernhardt, Lysiane.
_928328
245 1 0 _aSarah Bernhardt
_b: ma grand'mère /
_cLysiane Bernhardt.
260 _aParis :
_bEditions du Pavois,
_c1947.
300 _a366 p. :
_bil. ;
_c19 cm.
600 1 4 _aBernhardt, Sarah,
_d1844-1923-
_xBiografías
_928330
655 0 _aBiografías
_9176647
852 _aES-MaACL
_jE-11609
_cDEPO2
_xLegado: Jacinto Martínez Lacalle
_9118697
903 _aMartínez Lacalle, Jacinto
_ednr
_9139376
_q1
942 _2udc
_cMONOGRAFIA
999 _c114401
_d114401